Hearts of Iron 4 Formable Nations - Statistics

General Stats
  • This quiz has been taken 506 times
    315 since last reset
  • The average score is 23 of 55
Answer Stats
Formable As Nation % Correct
Estonia, Latvia, Lithuania Baltic Federation
89%
Hungary, Austria, Czechoslovakia, Croatia, Germany (Assisted) Austria-Hungary
87%
Manchukuo Chinese Empire
86%
Poland, Lithuania Polish-Lithuanian Commonwealth
82%
Italy Roman Empire
82%
Greece Byzantine Empire
80%
Turkey Ottoman Empire
80%
Spain, Portugal Iberia
79%
Germany, West Germany France, Italy, Belgium, Luxembourg, Netherlands, UK European Union
77%
Iraq, Yemen, Oman, Saudi Arabia, Libya, Jordan, Palestine, Lebanon, Syria, Egypt Arabia
71%
Netherlands, Belgium, Luxembourg United Netherlands
66%
Norway, Denmark, Sweden Scandinavia
62%
Guatemala, El Salvador, Honduras, Nicaragua, Costa Rica United States of Central America
62%
Afghanistan, Iran Persian Empire
59%
Germany Greater German Reich
55%
Kenya, Uganda, Tanzania, Rwanda, Burundi East Africa
54%
Colombia, Panama, Peru, Ecuador, Venezuela Gran Colombia
54%
France, UK Franco-British Union
53%
Germany Holy Roman Empire
53%
Hungary Greater Hungary
52%
Tannu Tuva, certain Soviet releasables Siberia
51%
Canada, UK (Assisted) Dominion of North America
50%
Norway, Denmark, Sweden, Finland Nordic League
50%
Ethiopia, Somalia, Eritrea, Ethiopian micro-states Horn of Africa
49%
Georgia, Armenia, Azerbaijan Transcaucasia
49%
New Zealand, Hawaii, Melanesia, Tahiti, Mariana Federation, Micronesia, Samoa, Solomon Islands Polynesia
44%
USA Confederated States of America
43%
Communist China People's Republic of China
43%
Italy Greater Italy
41%
Greece Macedonian Empire
39%
UK Imperial Federation
36%
Latvia, Germany (Assisted) Ostland
31%
Portugal United Kingdom of Portugal and Brazil
31%
Bulgaria Third Bulgarian Empire
29%
Bulgaria United Balkan Federation
27%
Morocco, Libya, Sahrawi, Algeria, Tunisia Andalusia
26%
Lithuania Greater Lithuania
25%
Turkey Turan
24%
Estonia Estonia-Finland/Finno-Ugria
23%
Lithuania Kingdom of Livonia
23%
Ethiopia Aksumite Empire
22%
Ethiopia Empire of Solomon
22%
Greece Hellas
22%
Soviet Union Third Rome
17%
France Kingdom of Franco-Spain
16%
Siam Rattanakosin Kingdom
15%
Ethiopia Empire of Zion
14%
Dutch East Indies, British Malaya Greater Indonesian Confederacy
14%
South Africa, Botswana, Zimbabwe, Mozambique Mutapa
13%
Mari El, Chuvashia, Tatarstan, Udmurtia, Bashkortostan Idel-Ural
12%
Poland Kingdom of Poland-Romania
12%
Estonia, Latvia, Lithuania Estonia Belarus/Latvia Belarus/Lithuania Belarus
11%
Mountainous Republic of Dagestan, Chechen-Ingush Republic, North Ossetia-Alania, Federal Republic of Kabardins and Karachay-Balkars, Abkhazia Mountainous Republic of the Northern Caucasus
11%
Spain Global Defense Council
10%
UK (Assisted) United Kingdom of America
8%
No matching quizzes found
Score Distribution
Percent of People with Each Score
Percentile by Number Answered
Your Score History
You have not taken this quiz since the last reset